A new concept of english teaching / (Record no. 151833)

MARC details
000 -LEADER
fixed length control field 00639nam a22001937a 4500
005 - DATE AND TIME OF LATEST TRANSACTION
control field 20180503104045.0
010 ## - LCCN (DPL NO)
LC control number ENG-122859
020 ## - INTERNATIONAL STANDARD BOOK NUMBER
International Standard Book Number 9788183764186
Terms of availability 825.00
035 ## - SYSTEM CONTROL NUMBER
System control number EN-106391
037 ## - SOURCE OF ACQUISITION
Source of stock number/acquisition DBAD/PUB
082 ## - DEWEY DECIMAL CLASSIFICATION NUMBER
Classification number 486.0071
100 ## - MAIN ENTRY--PERSONAL NAME
Personal name Gupta, J.P.
245 ## - TITLE STATEMENT
Title A new concept of english teaching /
Statement of responsibility, etc by J.P. Gupta
260 ## - PUBLICATION, DISTRIBUTION, ETC. (IMPRINT)
Place of publication, distribution, etc New Delhi
Name of publisher, distributor, etc ABD Publishers
Date of publication, distribution, etc 2013
270 ## - ADDRESS
Address 102, Ist Floor, Satyam House, 4327/3, Darya Ganj,
City New Delhi
Postal code 110002
Telephone number 011-45652440
Electronic mail address abdpublishersdelhi@gmail.com
300 ## - PHYSICAL DESCRIPTION
Extent v, 208p.
Dimensions 22cm(Hb)
Other physical details ill.
500 ## - GENERAL NOTE
General note It include and index
942 ## - ADDED ENTRY ELEMENTS (KOHA)
Source of classification or shelving scheme Dewey Decimal Classification
Item type English Books
Call number suffix GUP
Classification part 488.0071
Holdings
Withdrawn status Lost status Not for loan Collection code Home library Current library Date acquired Source of acquisition Cost, normal purchase price Full call number Barcode Copy number Cost, replacement price Koha item type
      Non-fiction Patel Nagar Patel Nagar 03/05/2018 DBAD/PUB 825.00 488.0071 GUP EN-106391 1 825.00 English Books

© Delhi Public Library
Hit Counter
free hit counter